| 000 | 00789nam a22001577a 4500 | ||
|---|---|---|---|
| 003 | OSt | ||
| 005 | 20151003165537.0 | ||
| 008 | 151003b xxu||||| |||| 00| 0 eng d | ||
| 040 | _cRUA | ||
| 082 | _aAVM TOT 2002 B072 Or.1 | ||
| 100 |
_91948 _aTOT, NAT. |
||
| 245 | _aFarmer's pig raising technologycal adoption in bati district takeo province in world vision organization program, ការទទួលយកបច្ចេកទេសវិទ្យាចិញ្ចឹមជ្រូករបស់ប្រជាកសិករ នៅស្រុកបាទី ខេត្តតាកែវ ក្នុងកម្មវិធីអង្គការឬស្សនៈពិភពលោក | ||
| 260 |
_aPhnom Penh _bRUA _c2002 |
||
| 300 |
_avi; 43p. _bill. _c29cm. |
||
| 942 |
_2ddc _cAVM |
||
| 999 |
_c1842 _d1842 |
||